| Tag |
First Indicator |
Second Indicator |
Subfields |
| LEADER |
00000cam a2200000Ii 4500 |
| 001 |
in00003608024 |
| 005 |
20170928105925.0 |
| 008 |
150907s2016 sz a 000 0 eng d |
| 020 |
|
|
|a 3319253204
|
| 020 |
|
|
|a 9783319253206
|
| 035 |
|
|
|a (OCoLC)ocn920447054
|
| 035 |
|
|
|a (OCoLC)920447054
|
| 040 |
|
|
|a YDXCP
|b eng
|e rda
|c YDXCP
|d BTCTA
|d OCLCO
|d OCLCF
|d OCLCQ
|d PAU
|d TXA
|d UtOrBLW
|
| 049 |
|
|
|a TXAM
|
| 050 |
|
4 |
|a QD549.2.P64
|b P67 2016
|
| 245 |
0 |
0 |
|a Polymeric hydrogels as smart biomaterials /
|c Susheel Kalia, editor.
|
| 264 |
|
1 |
|a Cham :
|b Springer,
|c 2016.
|
| 300 |
|
|
|a ix, 234 pages :
|b illustrations (some color) ;
|c 24 cm
|
| 336 |
|
|
|a text
|b txt
|2 rdacontent
|
| 337 |
|
|
|a unmediated
|b n
|2 rdamedia
|
| 338 |
|
|
|a volume
|b nc
|2 rdacarrier
|
| 490 |
1 |
|
|a Springer series on polymer and composite materials,
|x 2364-1878
|
| 504 |
|
|
|a Includes bibliographical references.
|
| 505 |
0 |
|
|a Polymeric Hydrogels: A Review of Recent Developments -- Conducting Polymer Hydrogels -- Polysaccharide-Based Natural Hydrogels -- Protein-Based Hydrogels -- Sterculia Gum-Based Hydrogels for Drug Delivery Applications.-Antimicrobial Polymeric Hydrogels -- Biopolymer-Based Hydrogel for the Decontamination of Organic Waste -- Chitosan and Starch-Based Hydrogels via Graft Copolymerization.
|
| 520 |
|
|
|a This book is concerned with polymeric hydrogels, which are considered as one of the most promising types of new polymer-based materials. Each chapter in this book describes a selected class of polymeric hydrogels, such as superabsorbent hybrid nanohydrogels, conducting polymer hydrogels, polysaccharide-based or protein-based hydrogels, or gels based on synthetic polymers. In this way, the book also addresses some of the fascinating properties and applications of polymeric hydrogels: they are three-dimensional, hydrophilic, polymeric networks that can absorb, swell and retain large quantities of water or aqueous fluids. In combination with metal nanoparticles, nanofibrils or nanowhiskers, which may be embedded in the gels, they find widespread applications, ranging from agriculture, and waste water treatment, over electronics, to pharmaceutical and biomedical applications. Applications mentioned in this book include electro sensors, capacitors, electromechanical actuators, and even artificial muscles.
|c Publisher.
|
| 650 |
|
0 |
|a Polymer colloids.
|0 http://id.loc.gov/authorities/subjects/sh89006264
|
| 650 |
|
0 |
|a Colloids in medicine.
|0 http://id.loc.gov/authorities/subjects/sh85028455
|
| 650 |
|
0 |
|a Polymers in medicine.
|0 http://id.loc.gov/authorities/subjects/sh85104678
|
| 650 |
|
7 |
|a Colloids in medicine.
|2 fast
|0 (OCoLC)fst00868347
|
| 650 |
|
7 |
|a Polymer colloids.
|2 fast
|0 (OCoLC)fst01070533
|
| 650 |
|
7 |
|a Polymers in medicine.
|2 fast
|0 (OCoLC)fst01070661
|
| 650 |
|
0 |
|a Electronics
|x Materials.
|0 http://id.loc.gov/authorities/subjects/sh85042388
|
| 650 |
|
0 |
|a Biomedical materials.
|0 http://id.loc.gov/authorities/subjects/sh85014239
|
| 700 |
1 |
|
|a Kalia, Susheel,
|e editor.
|0 http://id.loc.gov/authorities/names/n2011044097
|
| 830 |
|
0 |
|a Springer series on polymer and composite materials.
|x 2364-1878
|0 http://id.loc.gov/authorities/names/n2015191265
|
| 994 |
|
|
|a C0
|b TXA
|
| 948 |
|
|
|a cataloged
|b h
|c 2016/4/4
|d c
|e nbehmer
|f 3:56:51 pm
|
| 999 |
f |
f |
|s 08811584-b79c-3a23-acec-825436c87d4c
|i ec6112c2-0ac1-3d4a-8b58-0eff8ba45ddd
|t 0
|
| 952 |
f |
f |
|p normal
|a Texas A&M University
|b College Station
|c Sterling C. Evans Library
|d Evans: Library Stacks
|t 0
|e QD549.2.P64 P67 2016
|h Library of Congress classification
|i unmediated -- volume
|m A14843335630
|
| 998 |
f |
f |
|a QD549.2.P64 P67 2016
|t 0
|l Evans: Library Stacks
|